00745nam a22002297a 4500003000500000005001700005008004100022010001100063011001100074020001500085035001100100040000900111082002100120111007300141245010300214246004500317260002700362300001700389650002800406650002700434710005400461CHAP20220329143850.0120329s2006 mx r 00010 spa d a102972 a103944 a9688181951 a114633 cCHAP04a364.1680972bC932 aCurso de Capacitacion Cibercriminalidad. (d2005 :cMéxico, D. F.)10aMemoria del curso de capacitación cibercriminalidadc/por Procuraduría General de la Republica3 iTítulo en cubierta:aCibercriminalidad aMéxico :bPGR,c2006 a225p. :bil.04aDelitos informáticos.04aDerecho informático.2 aProcuraduría General de la Republica. México.